عرض عادي
عرض مارك
- O'Neill, Eugene,
مدخل إسم شخص
001 - رقم الضبط
- حقل الضبط: 5053
003 - معرف رقم الضبط
- حقل الضبط: OSt
005 - تاريخ ووقت أخر عملية
- حقل الضبط: 20110929020253.0
008 - عناصر بيانات ثابتة الطول
- حقل تحكم ثابت الطول: 110929|||a|||||| | ||| d
040 ## - مصدر الفهرسة
- هيئة الفهرسة الأصلية: OSt
- وكالة الكتابة: OSt
100 ## - مدخل -- أسم شخص
- إسم شخص: O'Neill, Eugene,
- تواريخ مرتبطة بالاسم: 1888-1953.
670 ## - بيانات المصدر موجوده
- الاستشهاد بالمصدر: Work cat.: (OSt)1041: O'Neill, Eugene, 1888-1953., The Emperor Jones ; Anna Christie ; The hairy ape /, 1995.
